| 000 | 01009nam a2200205 i 4500 | ||
|---|---|---|---|
| 001 | 43515 | ||
| 003 | ES-MaACL | ||
| 005 | 20250904063046.0 | ||
| 007 | t| | ||
| 008 | 030318s1887 sp ||||1| spa d | ||
| 100 | 1 |
_aCastro y Serrano, José de, _d1828-1896 _936980 |
|
| 245 | 1 | 0 |
_aHistorias vulgares / _cpor D. José de Castro y Serrano. |
| 260 |
_aMadrid : _b[s.n.], _c1887 ( _fImp. de Fortanet) |
||
| 300 |
_a2 v. (383 ; p.) ; _c21 cm. |
||
| 505 | 8 | _aContiene: I. Juan de Sidonia ; Antonio Sánchez ; Lorenzo Gómez ; Carmen la de Fortuny ; El brigadier Fernández ; Las estanqueras de San Fernando - II. La capitana Cook ; El tesoro morisco ; Luisa ; Vicente ; La madre feliz ; Petronila ; Dolores ; Un drama chico ; Historia de un alma ; El frac azul | |
| 530 | _aDisponible en formato digital. | ||
| 852 | 4 |
_aES-MaACL _jG-826-27 |
|
| 856 | 4 |
_uhttp://www.bibliotecavirtualdeandalucia.es/catalogo/es/consulta/registro.do?id=1014690 _zBiblioteca Virtual de Andalucía |
|
| 999 |
_c43515 _d43515 |
||